01880nam a2200265uu 4500001000800000005001700008007001000025008004100035035001200076040001300088041000800101080000800109100005000117245028600167260004300453300001700496520086900513650002801382650002801410650005501438700006001493700004101553502001201594526000801606117562220260507134735.0cr|||||||091026e20091026 spa  a1175622 ccomduadb aspa aPQU10aValencia Valencia, Ángela María4auteaut10aOptimización y aplicación de un método de evaluación de impactos ambientales en las áreas productivas de Kimberly Clark Antioquia Global S.A., como parte de la implementación de la política institucional EHS (Sistema de Gestión en Medio Ambiente, Salud y Seguridad) aMedellín :b[sin publicador],c2009. a49 páginas3 aEn este trabajo se presenta el procedimiento y los resultados de la evaluación de impactos ambientales en la nueva planta de producción de papel Kimberly Clark Antioquia Global S.A. El estudio se realizó en las áreas de conversión, efluentes, RF (fibra reciclada), TM (máquina de pañuelos de papel), y montacargas. Los impactos ambientales en cada área se evaluaron mediante un indicador cuantitativo unificado (personas equivalentes), además se realizó una evaluación cualitativa, donde se consideraron la naturaleza, duración, intensidad, extensión (puntual, local o regional) y reversibilidad de cada impacto ambiental, con el propósito de priorizar dichos impactos. En base a los resultados de las evaluaciones cuantitativa y cualitativa, se plantearon trabajos por áreas en busca de la minimización de los impactos ambientales. aEvaluación de impacto 7aImpacto ambiental2lemb aColombiana Kimberly - Colpapel (Empresa comercial)10aVilla Holguín, Aída Luz4ths0(viaf) 311388221eths10aPatiño García, Maribel4thseths b178c17 a180